000 00567nam a2200205Ia 4500
003 BUBTL
008 151213s9999 xx 000 0 und d
082 _a346.0438/PRM
100 _aPrakash, Dr. R.
_94006
245 _aMurli Manohar's Art of Conveyancing and Pleading
_cDr.R.Prakash
250 _a2nd
260 _aNew Delhi
_bEastern Book Company
_cc2004
300 _a314p . :
_b21cm.
650 _aLaw
_94007
650 _aLaw
_94007
700 _aDr.R.Prakash
_94008
856 _k0
_l0
_yDownload
942 _2ddc
_cBK
999 _c2219
_d2219